000 00725 a2200301 4500
001 110312
020 _a9780545539159
041 _apor
090 _aSK [E] FOL
092 _a2007024253
250 _a. ed.
300 _a[32] p.
697 _aBears
697 _aButterflies
697 _aCocoons
697 _aCaterpillars
697 _aCocoons - Fiction.
697 _aBears - Fiction.
697 _aCaterpillars - Fiction.
697 _aButterflies - Fiction.
697 _aMoths - Fiction.
856 _u000019/0000194c.jpg
040 _aBR-BrIDEA
_cBR-BrIDEA
100 _aFoley, Greg E.
_d1969
245 1 0 _aDon't worry Bear
_c Greg E Foley
260 _aNew York
_bViking
_c2008
942 _cBK
999 _c110312
_d110312